Etnografie vyškovského jazykového ostrova

Titel: Etnografie vyškovského jazykového ostrova = Ethnographie der Wischauer Sprachinsel / Lenka Brázdilová
Verfasser:
Veröffentlicht: München : Sudetendt. Verl.-Ges., 2004
Umfang: 116 S. : Ill.
Format: Buch
Sprache: Tschechisch; Deutsch
Schriftenreihe/
mehrbändiges Werk:
Edition Spuren ; 1
Schlagworte:
ISBN: 3934670040
Buchumschlag
X
Lokale Klassifikation: 23 8 W 10 ; 25 3 J ; 25 3 H
alg: 13454954
001A    $03004:08-12-05 
001B    $03025:03-04-26 $t08:08:34.000 
001C    $06050:25-08-07 $t13:03:44.000 
001D    $03004:08-12-05 
001U    $0utf8 
001X    $00 
002@    $0Aau 
003@    $0134549546 
003O    $0180942851 $aOCoLC 
004A    $03-934670-04-0 
006G    $0980816459 
006U    $006,A43,0795 $f20060809 
007A    $0134549546 $aHEB 
007G    $0DE02012855C2FE3877FFAC12581870045EBBE 
007T    $0Herdhh134549546 
009P    $qapplication/pdf $A2 $3Inhaltsverzeichnis $uhttp://scans.hebis.de/HEBCGI/show.pl?13454954_toc.pdf $mV:DE-603;B:DE-Mb50 
010@    $acze $ager 
011@    $a2004 
013H    $0z 
021A    $aEtnografie vyškovského jazykového ostrova $fEthnographie der Wischauer Sprachinsel $hLenka Brázdilová 
027A/01 $aEthnographie der Wischauer Sprachinsel 
028A    $7 $8Brázdilová, Lenka [Tnd] $918142830X 
033A    $pMünchen $nSudetendt. Verl.-Ges. 
034D    $a116 S. 
034M    $aIll. 
036E    $aEdition Spuren $l1 
036F    $x11 $8Edition Spuren $9186499221 $l1 
041A    $#Wischau $74119134-1 $8Vyškov [Tg1] $9085374296 
041A/01 $74233286-2 $8Sprachinsel [Ts1] $9086219421 
041A/02 $RSüdgermanische Sprachen $#German language $#Allemand (langue) $#Neuhochdeutsch $#Deutsche Sprache $#Hochdeutsch $74113292-0 $8Deutsch [Tsz] $9085334081 
044K    $#Vyškov Kreis $#Okres Vyškov $71067429727 $8Kreis Vyškov [Tg1] $9355532603 
045E    $c430 
045F    $a390.094371 $eDDC23BSB 
045F/01 $a390 
045F/03 $g4371 
045G    $a306.094371 $eDDC23BSB 
045G/01 $a306.09 
045G/03 $g4371 
046M    $aLiteraturverz. S. 111 - 113 

lok: 13454954 24
101B    $019-05-06 $t16:43:07.000 
101C    $019-05-06 
145Z/01 $a23 8 W 10 
145Z/02 $a25 3 J 
145Z/03 $a25 3 H 
101U    $0utf8 

exp: 13454954 24 1 #EPN
201B/01 $019-05-06 $t16:43:07.000 
201C/01 $008-12-05 
203@/01 $0326007954 
208@/01 $a19-05-06 $bz 
209A/01 $a05.5187 $du $f050 $h05 5187 $x00 
209C/01 $a05.5187 G $h05 5187 G 
209G/01 $a70654032 $x00 
220C/01 $akon 
247C/01 $8358050-7 Marburg, Bibliothek des Herder-Instituts Marburg $9102600961 
201U/01 $0utf8 

lok: 13454954 78

exp: 13454954 78 1 #EPN
201B/01 $013-11-24 $t23:11:56.000 
201U/01 $0utf8 
203@/01 $0794268730 
208@/01 $a12-11-16 $be 
209A/01 $a/ $f000 $x00 
220C/01 $aTitelaufnehmer: rb 
237A/01 $aDeutscher und tschechischer Text. - weiterführende Signatur(en): Herder-Institut: 05.5187 
244Z/01 $#Tschechien $#Tschechische Republik $#Tschechien $#Tschechische Republik $#Tschechenland $#Tschechei Tschechien $#Česká Republika $#Czech Republic $#ČR $74303381-7 $8--Tg1--Tschechien $x01 $9086659812 
244Z/01 $2Trx $#Böhmen $#Bohemia $#Czechy $8--Trx--Čechy $x02 $9391188941 
244Z/01 $#Wischau $74119134-1 $8--Tg1--Vyškov $x03 $9085374296 
244Z/01 $2Trx $#Wischau Bezirk $8--Trx--Vyškov$gokres $x04 $9391153943 
244Z/01 $2Trx $#sakslased $#vokiečiai $#Germans $#németek $#Niemcy narodowość $#Nemci $#Němci $8--Trx--Deutsche $x05 $9391356801 
244Z/01 $2Trx $#keel, saksa $#kalba, vokiečių $#Language, German $#nyelv, német $#język niemiecki $#jazyk nemecký $#jazyk německý $8--Trx--Sprache, deutsche $x06 $9391359223 
244Z/01 $2Trx $#kombestik $#papročiai $#Traditions $#hagyomány $#obrzędy i zwyczaje ludowe $#zvyky ľudové $#zvyky lidové $#Sitten und Bräuche $#obrady $8--Trx--Brauchtum $x07 $9391369725 
244Z/01 $2Trx $#rahvarõivad $#tautiniai drabužiai $#Costumes $#ruhaviseletek $#stroje ludowe $#kroje $#kroje lidové $#Volkstrachten $#ľudové kroje $8--Trx--Trachten $x08 $9391369784 
244Z/01 $2Trx $8--Trx--Monographie $x09 $9391384546 
245Z/01 $a13.02 $x01 
245Z/01 $a08.04.01 $x02 
247C/01 $82080>Marburg/Lahn, Herder-Institut, Forschungsbibliothek, Bibliographieportal $9336309341
LEADER 00000cam a2200000 c 4500
001 134549546
003 DE-603
005 20260403080834.0
007 tu
008 051208s2004 xx |||| | u00||u|cze
015 |a 06,A43,0795  |2 dnb 
016 7 |2 DE-101  |a 980816459 
020 |a 3934670040 
035 |a (DE-599)HEB134549546 
035 |a (OCoLC)180942851 
040 |a DE-603  |b ger  |c DE-603  |d DE-603 
041 |a cze  |a ger 
082 0 4 |8 1\u  |a 390.094371  |q DE-101  |2 23/BSB 
083 0 |8 2\u  |a 306.094371  |q DE-101  |2 23/BSB 
084 |a 430  |q DE-101  |2 sdnb 
085 |8 1\u  |b 390 
085 |8 1\u  |z 2  |s 4371 
085 |8 2\u  |b 306.09 
085 |8 2\u  |z 2  |s 4371 
100 1 |a Brázdilová, Lenka  |0 (DE-603)18142830X 
245 0 0 |a Etnografie vyškovského jazykového ostrova  |b = Ethnographie der Wischauer Sprachinsel  |c Lenka Brázdilová 
246 1 3 |a Ethnographie der Wischauer Sprachinsel 
264 1 |a München  |b Sudetendt. Verl.-Ges.  |c 2004 
300 |a 116 S.  |b Ill. 
490 1 |a Edition Spuren  |v 1 
504 |a Literaturverz. S. 111 - 113 
650 7 |a Sprachinsel  |0 (DE-588)4233286-2  |0 (DE-603)086219421  |2 gnd 
650 7 |a Deutsch  |0 (DE-588)4113292-0  |0 (DE-603)085334081  |2 gnd 
651 7 |a Vyškov  |0 (DE-588)4119134-1  |0 (DE-603)085374296  |2 gnd 
651 7 |a Kreis Vyškov  |0 (DE-588)1067429727  |0 (DE-603)355532603  |2 gnd 
830 0 |t Edition Spuren  |v 1  |w (DE-603)186499221  |w (DE-600)2281149-7  |9 11  |7 as 
856 4 2 |m V:DE-603;B:DE-Mb50  |q application/pdf  |u http://scans.hebis.de/HEBCGI/show.pl?13454954_toc.pdf  |3 Inhaltsverzeichnis 
924 0 |9 Mb 50  |a (DE-603)326007954  |b DE-Mb50  |c HES  |d c  |g 05.5187 
924 0 |9 2080  |a (DE-603)794268730  |b DE-2080  |c HES  |d d  |g /